Papeles de macedonio fernández /

Guardado en:
Autor Principal: Fernández, Macedonio
Formato: Libro
Publicado: Buenos Aires : Eudeba, 1964
Series:Del Siglo y Medio; No. 79
Materias:
Etiquetas: Agregar Etiqueta
Sin Etiquetas, Sea el primero en etiquetar este registro!
LEADER 00535nam a22001815a 4500
001 CEM.cems002477
005 20100913115347.0
008 130507s1964##################000#0#####d
003 CEMS
082 0 4 |a A868.4 
100 1 |a Fernández, Macedonio 
245 1 0 |a Papeles de macedonio fernández /  |c Macedonio Fernández 
260 |a Buenos Aires :  |b Eudeba,  |c 1964 
300 |a 124 p. 
490 0 |a Del Siglo y Medio; No. 79 
653 |a Literatura 
653 |a Literatura argentina 
859 |a CEMS  |b BIB. CEMS - 11 de abril  |h A868.4  |i F391  |p 8527.80  |t Ej.1